Active control technology.

Bibliographic Details
Corporate Author: Von Karman Institute for Fluid Dynamics
Format: Book
Language:English
Published: Rhode Saint Genese, Belgium : Von Karman Institute for Fluid Dynamics, [1979?]
Series:Lecture series (Von Karman Institute for Fluid Dynamics) ; 1979-1.
Subjects:

MARC

Tag First Indicator Second Indicator Subfields
LEADER 00000cam a2200000 a 4500
001 in00000091411
005 20151008063934.0
008 791009s1979 be a b 00000 eng d
035 |a (OCoLC)05508706 
035 |9 AAK3216AM 
040 |a CIT  |c CIT  |d m.c.  |d TXA  |d UtOrBLW 
049 |a TXAM  |v 1 [1655029]  |v 2 [1655030] 
090 |a TL678  |b .A25 
245 0 0 |a Active control technology. 
264 1 |a Rhode Saint Genese, Belgium :  |b Von Karman Institute for Fluid Dynamics,  |c [1979?] 
300 |a 2 volumes :  |b illustrations ;  |c 29 cm. 
336 |a text  |b txt  |2 rdacontent 
337 |a unmediated  |b n  |2 rdamedia 
338 |a volume  |b nc  |2 rdacarrier 
490 1 |a Lecture series / Von Karman Institute for Fluid Dynamics,  |v 1979-1 
500 |a Series of lectures presented at the Institute, December 4-8, 1978. 
504 |a Includes bibliographical references. 
650 0 |a Airplanes  |x Control systems. 
650 0 |a Flight control. 
710 2 |a Von Karman Institute for Fluid Dynamics. 
830 0 |a Lecture series (Von Karman Institute for Fluid Dynamics) ;  |v 1979-1. 
999 |a MARS 
999 f f |s 0ee8a46c-f37c-319e-ae2d-2bf1c18f42dd  |i 781ac270-4c4d-3e6e-991b-2b9790635750  |t 0 
952 f f |p ric  |a Texas A&M University  |b Rellis Campus  |c Joint Library Facility  |d Remote Storage  |t 0  |e TL678 .A25  |h Library of Congress classification  |i unmediated -- volume  |k v.1  |m A14806254028 
952 f f |p ric  |a Texas A&M University  |b Rellis Campus  |c Joint Library Facility  |d Remote Storage  |t 0  |e TL678 .A25  |h Library of Congress classification  |i unmediated -- volume  |k v.2  |m A14806254036 
998 f f |a TL678 .A25  |s v.1-v.2  |t 0  |l Remote Storage